000 00921nam a2200217 i 4500
001 46038
003 ES-MaACL
005 20250828083958.0
007 t|
008 030327s1952 fr |||| | fre d
111 2 _aConférence Internationale de l'Instruction Publique (
_n15ª.
_d1952.
_cGinebra)
_9149
245 1 0 _aL'Accès des femmes áa l'éducation
_b: XVe Conférence Internationale de l'Instruction Publique : Genève 1952 /
_cconvoquée par l'Unesco et le B.I.E.
260 _aParis :
_bUNESCO ;
_aGenève :
_bBureau International d'Education,
_c1952.
300 _a232 p.
490 1 _aPublications du Bureau International d'Education ;
_v140
650 4 _aMujeres-
_xEducación-
_vCongresos y asambleas.
_912095
710 2 0 _aOficina Internacional de Educación
_96022
830 0 _aPublications du Bureau International d'Education ;
_v140
_9181740
852 _aES-MaACL
_jC-12664
999 _c46038
_d46038